000 01063nas a2200301 4500
001 BR8201674
003 BR-BrBNA
005 20231205085108.0
007 ta
008 230509b bl.|||p| |||| 00| 00por d
040 _aBR-BrBNA
_bpor
_cBiblioteca Nacional de Agricultura
041 _a(Pt)
072 _aF25; F60
100 1 _aSantos, A.B. dos
100 1 _aFageria, N.K.
100 1 _aCarvalho, J.R.P. de
245 1 _aEfeitos de duas diferentes tecnologias no crescimento, producao e absorcao de nutrientes do arroz de sequeiro [Oryza sativa; Adubacao; Capina]
246 1 _aEffects of two different technologies on growth, yield and nutrient uptake by upland rice [Oryza sativa; Fertilization; Weeding]
650 _aARROZ SEQUEIRO
650 _aADUBACAO
650 _aCAPINA
650 _aNUTRIENTE
650 _aCRESCIMENTO
650 _aABSORCAO
773 0 _tPesquisa Agropecuaria Brasileira (Brazil)
_xISSN 0100-204X
_g(Jul 1982), v. 17(7) p. 1041-1050
_wBR8201674
909 _a202311
_bLúcia
_c55
_dLúcia Elande
942 _2AGRIS
_n0
_cANA
999 _c109176
_d109176